Quizzes
Events
Quiz Creation
Community
Videos
Private Events
Remove Ads
Sign In
Join for FREE
Feedback
Dark Mode
Quiz Categories
Sports
Geography
Music
Movies
Television
Just For Fun
Miscellaneous
History
Literature
Language
Science
Gaming
Entertainment
Religion
Holiday
For Kids
Quiz Lab
Recent
Popular Today
Quiz Kudos Today
Editor Picks
Curator Picks
Quizzes by...
Day
Popularity
Type
Ratings
Length
Year
Community
Subscriptions
Recent Discussions
Orange Saloon
Badges
Playlists
Quests
Create
Leaderboards
Showdown
Live 5
Trivia Bingo
Activity
Puzzle Library
Sporcle Events
Private Events
Virtual Trivia
Globe League
Become a Host
Pub Owners
SporcleCon
Opinionation
Our Games
Videos
Blog
Mobile Apps
Partnerships
Remove Ads and Go Orange
Feedback
Gaming
Video Games
Board Games
Card Games
Pokémon
Mario
Nintendo
Minecraft
Console
Toys
Legend of Zelda
Gaming
Video Games
Board Games
Card Games
Pokémon
Mario
Nintendo
Minecraft
Console
Toys
Legend of Zelda
Random Quiz
Search Sporcle
×
Quiz Lab
Quiz Lab
Gaming
Pokémon
Type in answers that appear in a list
Type in answers that appear in a list
Classic
Best Score? Go Orange.
Pokémon legendary Stats
Can you name the Pokémon legendary
By
naruxhina4799
20m
63 Questions
58 Plays
58 Plays
58 Plays
Comments
Comments
Give Quiz Kudos
Give Quiz Kudos
-
- Ratings
hide this ad
Replay
Link that replays current quiz
Next Quiz
Link to next quiz in quiz playlist
You Got
0%
They Got
Avg Score
60%
Avg Friend Score
Upgrade to see
Score Distribution
Jump to the score distribution portion of the page
Score
0/63
Timer
20:00
0
Plays Today
Type
Name
% Correct
Legendary Type: Psychic
Mew
96.6%
Legendary Type: Flying Electric
Zapdos
96.6%
Legendary Type: Flying Ice
Articuno
96.6%
Legendary Type: Flying Fire
Moltres
96.6%
Legendary Type: Psychic
Mewtwo
94.8%
Legendary Type: Fire
Entei
89.7%
Legendary Type: Grass Psychic
Celebi
89.7%
Legendary Type: Water
Suicune
87.9%
Legendary Type: Lightning
Raikou
87.9%
Legendary Type: Psychic Flying
Lugia
87.9%
Legendary Type: Fire Flying
Ho-oh
87.9%
Legendary Type: Water
Kyogre
86.2%
Legendary Type: Dragon Flying
Rayquaza
86.2%
Legendary Type: Steel
Registeel
77.6%
Legendary Type: Ice
Regice
77.6%
Legendary Type: Rock
Regirock
77.6%
Legendary Type: Dragon Steel
Dialga
75.9%
Legendary Type: Dragon Water
Palkia
75.9%
Legendary Type: Psychic Steel
Jirachi
74.1%
Legendary Type: Dragon Ghost
Giratina
74.1%
Legendary Type: Normal
Regigigas
72.4%
Legendary Type: Normal
Arceus
72.4%
Legendary Type: Psychic
Azelf
72.4%
Legendary Type: Psychic
Deoxys
70.7%
Legendary Type: Psychic
Uxie
70.7%
Legendary Type: Dragon Psychic
Latias
69%
Legendary Type: Dragon Psychic
Latios
69%
Legendary Type: Psychic
Mesprit
69%
Legendary Type: Psychic Fire
Victini
69%
Legendary Type: Water Fighting
Keldeo
65.5%
Legendary Type: Steel Fighting
Cobalion
65.5%
Legendary Type: Fire Dragon
Reshiram
65.5%
Type
Name
% Correct
Legendary Type: Ground Fighting
Terrakion
63.8%
Legendary Type: Electric Dragon
Zekrom
63.8%
Legendary Type: Dark
Darkrai
62.1%
Legendary Type: Grass Fighting
Virizion
60.3%
Legendary Type: Psychic
Cresselia
58.6%
Legendary Type: Fire Steel
Heatran
58.6%
Legendary Type: Ice Dragon
Kyurem
58.6%
Legendary Type: Water
Manaphy
56.9%
Legendary Type: Water
Phione
56.9%
Legendary Type: Grass
Shaymin
55.2%
Legendary Type: Flying
Tornadus
55.2%
Legendary Type: Bug Steel
Genesect
55.2%
Legendary Type: Electric Flying
Thundurus
53.4%
Legendary Type: Fire Ice Dragon
White Kyurem
43.1%
Legendary Type: Electric Ice Dragon
Black Kyurem
43.1%
Mega Evolution: Grass Poison
Venusaur
39.7%
Mega Evolution: Fire Flying
Charizard
39.7%
Mega Evolution: Water
Blastoise
37.9%
Mega Evolution: Fighting Steel
Lucario
37.9%
Mega Evolution: Psychic
Mewtwo X
36.2%
Mega Evolution: Psychic Fighting
Mewtwo Y
34.5%
Mega Evolution: Fire Fighting
Blaziken
32.8%
Mega Evolution: Normal
Kangaskhan
29.3%
Mega Evolution: Dark
Absol
27.6%
Mega Evolution: Electric Dragon
Ampharos
20.7%
Mega Evolution: Dragon Ground
Garchomp
20.7%
Legendary Type: Ground
Grondon
12.1%
Legendary Type: Normal Psychic
Aria Meloetta
10.3%
Legendary Type: Ground Flying
Landourus
8.6%
Legendary Type: Normal Fighting
Pirouette Meloetta
8.6%
Mega Evolution: Steel Fairy
Mawlie
8.6%
Quiz Playlist
Details
Report
Send in Message
Add To Playlist
Classic:
Type in answers that appear in a list
Last Updated: Feb 16, 2017
Quiz Scoreboard
CHALLENGE
Sign Up to Join the Scoreboard
Show All
Scores
Hide
Comments
May contain spoilers
Recently Published
Presidents Visiting Landmarks
by Hejman
History
7m
An Introduction to Baseball
by treessimontrees
Sports
5m
Movies - When Are They Set?
by FPL_Elf
Movies
5m
More to Explore
Quiz From the Vault
Featured Blog Post
Where Did the Easter Bunny Come From?
hide this ad
You Might Also Like...
Tags
Pokémon Quiz
Today's Top Quizzes in Gaming
Browse Gaming
hide this ad
Today's Top Quizzes in Pokémon
Browse Pokémon
Top Contributed Quizzes in Gaming
1
5-to-1: Consoles
2
7-to-1: Board Game Piece Blitz
3
5-to-1: Legend of Zelda
4
Destiny 2 exotic weapons by perk icons
5
Ultimate Genshin Impact Logic Puzzle (up to 4.3)
6
Franchise by Action Figure
7
Overwatch Logic Puzzle
8
Who's on the WWE 2K24 Cover?
9
Genshin Impact Logic Puzzle Quiz
10
Windmill: Pokémon
Explore More
Trending Topics
Anime
Harry Potter
Disney
Kpop
NBA
Marvel
Crossword
WWE
The Office
Soccer
Puzzle
Pokémon
Country
Song
NFL
hide this ad
More By:
naruxhina4799
Quiz
Plays
Rating
Category
Featured
Created
Kamen Rider OOO Name the Medals and Forms
2,900
1.75
Television
Jan 19, 2014
Kamen Rider Build Best Match Bottles
1,119
5.00
Television
Mar 22, 2018
Kamen Rider Heisai Riders All forms
1,044
1.00
Television
Mar 6, 2014
Name the Shift Cars and Signal Bike (Kamen Rider Drive)
905
1.00
Television
Nov 9, 2014
Name the Drivers from Kamen Rider
831
2.50
Television
Oct 10, 2014
Go to Creator's Profile
Score Distribution
Quiz Creator Spotlight
naruxhina4799
Follow
Send a Message
Quizzes Created
-
Created Quiz Play Count
-
More By This Creator
Popular Quizzes Today
1
Find the US States - No Outlines Minefield
2
Find the Countries of Europe - No Outlines Minefield
3
The Countries of the World
4
Find the US States
5
Popular People in 1961
6
US States
7
Risky Map Clicking: Biggest States A-Z
8
Movies - When Are They Set?
More Gaming Quizzes
Diablo II Classes
Published
Trending Quizzes
Risky Map Clicking: Least Populous States A-Z
1-10 Letter G Words
1-10 Letter F Words
Risky Map Clicking: Next State Alphabetically
Risky Map Clicking: Biggest States A-Z
Recently Updated
Leaping Animals
pecheneg
Reality TV Shows (A-Z)
bhenderson79
Rickey Henderson's Hall of Fame Teammates
pecheneg
Champions League XIs: Arsenal
pecheneg
Quick Pick: Celebrities in WWE's Hall of Fame
aduchscher
A-Z Keypad Blitz II
pecheneg
Multiple Oscar Actors
pecheneg
Mystery Phrase Blitz: Oscar 'Best Actors'
pecheneg
F. Scott Fitzgerald Novels
LTH
Pick 3 Villains
ddd62291
Trending Topics
Kpop
NBA
Marvel
Harry Potter
Crossword
Disney
Anime
Soccer
The Office
Puzzle
Country
NFL
Song
WWE
Pokémon
Your Account Isn't Verified!
In order to create a playlist on Sporcle, you need to verify the email address you used during registration. Go to your
Sporcle Settings
to finish the process.
Report this User
Report this user for behavior that violates our
Community Guidelines
.
Details:
Send Report
Go to the Sporcle.com Mobile Site →
Comments